| 000 | 00924nam a2200253Ia 4500 | ||
|---|---|---|---|
| 003 | OSt | ||
| 005 | 20221002050341.0 | ||
| 006 | a|||||r|||| 00| 0 | ||
| 007 | ta | ||
| 008 | 220930b |||||||| |||| 00| 0 hin d | ||
| 020 |
_a9789381582626 _c20000 |
||
| 024 | _a3660 | ||
| 037 |
_b539, 08/03/2013, Swaraj Prakashan _cReference Collections |
||
| 040 |
_aCRL _cCRL _bhin |
||
| 041 |
_2hin _ahin |
||
| 082 | _a4x, 152Q3.1-.11(RR) | ||
| 100 | _aचतुर्वेदी, जगदीश्वर | ||
| 245 | 0 | _aमीडिया समग्र | |
| 260 |
_aदिल्ली _b स्वराज प्रकाशन _c2013 |
||
| 490 | _vभाग 1 | ||
| 650 | _aहिन्दी पत्रकारिता | ||
| 942 |
_h4x, 152Q3.1-.11(RR) _cref _2CC |
||
| 999 |
_c914409 _d914409 |
||